LEADER 01084nam0 22002891i 450 001 UON00423088 005 20231205104834.981 100 $a20130419d1969 |0itac50 ba 101 $aeng 102 $aGB 105 $a|||| 1|||| 200 1 $aˆA ‰Map of modern English verse$fJohn Press 210 $aLondon$aOxford ; New York$cOxford university$d1969 215 $aix, 282 p.$d21 cm. 606 $aPOESIA INGLESE$xSEC. XX$3UONC081061$2FI 620 $aGB$dOxford$3UONL000029 620 $aUS$dNew York$3UONL000050 620 $aGB$dLondon$3UONL003044 676 $a821.91$cPoesia inglese, 1900-1999$v21 700 1$aPRESS$bJohn$3UONV189613$0166407 712 $aOxford University Press$3UONV245947$4650 801 $aIT$bSOL$c20240220$gRICA 899 $aSIBA - SISTEMA BIBLIOTECARIO DI ATENEO$2UONSI 912 $aUON00423088 950 $aSIBA - SISTEMA BIBLIOTECARIO DI ATENEO$dSI Angl VI C 0470 $eSI SI 7088 5 0470 $sBuono 996 $aMap of modern English verse$9166574 997 $aUNIOR